| 000 | 00570nam a22001457a 4500 | ||
|---|---|---|---|
| 020 | _a978-93-5333-397-3 | ||
| 082 |
_a823 _bBON/R |
||
| 100 | _aBOND, RUSKIN | ||
| 245 | _aPETALS ON THE GANGA | ||
| 260 |
_aDELHI _bRUPA PUBLICATIONS _c2019 |
||
| 300 | _a102 | ||
| 520 | _aIn these heart-warming stories, Bond talks of the various elements of nature as if they are members of his family. He also endows the flora and fauna that he encounters with distinct personalities, and himself recedes into the background as a silent observer. | ||
| 650 |
_aNOVEL _zINDIA |
||
| 942 | _cBK | ||
| 999 |
_c2806 _d2806 |
||